Genomics and systems-level insights into Helicobacter pylori mediated virulence and pathogenesis/ (Record no. 523468)
[ view plain ]
| 000 -LEADER | |
|---|---|
| fixed length control field | 00621nam a22001817a 4500 |
| 003 - CONTROL NUMBER IDENTIFIER | |
| control field | NUST |
| 005 - DATE AND TIME OF LATEST TRANSACTION | |
| control field | 20240708115722.0 |
| 038 ## - RECORD CONTENT LICENSOR | |
| Staff Name | ASAB |
| 082 ## - DEWEY DECIMAL CLASSIFICATION NUMBER | |
| Classification number | 200 |
| 100 ## - MAIN ENTRY--PERSONAL NAME | |
| Personal name | Naz Anam |
| 9 (RLIN) | 124161 |
| 245 ## - TITLE STATEMENT | |
| Title | Genomics and systems-level insights into Helicobacter pylori mediated virulence and pathogenesis/ |
| Statement of responsibility, etc. | Anam Naz |
| 260 ## - PUBLICATION, DISTRIBUTION, ETC. | |
| Place of publication, distribution, etc. | Islamabad. |
| Name of publisher, distributor, etc. | Atta ur Rahman School of Applied Biosciences ASAB |
| Date of publication, distribution, etc. | 2018. |
| 300 ## - PHYSICAL DESCRIPTION | |
| Extent | 184 p. ; |
| Other physical details | ill; |
| Dimensions | 30,cm. |
| 600 ## - SUBJECT ADDED ENTRY--PERSONAL NAME | |
| General subdivision | PhD-Industrial Biotechnology |
| 9 (RLIN) | 123937 |
| 700 ## - ADDED ENTRY--PERSONAL NAME | |
| Personal name | Supervisor:Dr.Amjad Ali |
| 9 (RLIN) | 123906 |
| 856 ## - ELECTRONIC LOCATION AND ACCESS | |
| Uniform Resource Identifier | <a href="http://10.250.8.41:8080/xmlui/handle/123456789/26851">http://10.250.8.41:8080/xmlui/handle/123456789/26851</a> |
| 942 ## - ADDED ENTRY ELEMENTS (KOHA) | |
| Source of classification or shelving scheme | |
| Koha item type | Soft Copy |
| Withdrawn status | Lost status | Source of classification or shelving scheme | Damaged status | Not for loan | Permanent Location | Current Location | Date acquired | Total Checkouts | Full call number | Barcode | Date last seen | Price effective from | Koha item type | Shelving location |
|---|---|---|---|---|---|---|---|---|---|---|---|---|---|---|
| Atta-ur-Rahman School of Applied Biosciences (ASAB) | Atta-ur-Rahman School of Applied Biosciences (ASAB) | 03/20/2019 | Thesis 2018 AN | ASABPhD40 | 03/20/2019 | 03/20/2019 | Thesis | |||||||
| Central Library (CL) | Central Library (CL) | 07/08/2024 | 200 | CLPT-318 | 07/08/2024 | 07/08/2024 | Soft Copy | Thesis |
